00568nam a2200121Ia 4500008004100000020001800041100002000059245010000079260002200179650018800201650001200389856004500401171212s9999 xx 000 0 und d a9781921313066 aKeen, Elizabeth cKeen, ElizabethaThe Journey of a BookbBartholomew the Englishman and the Properties of Things bANU E Pressc2007 aBartholomaeus Anglicus, 13th cent. De proprietatibus rerum; Encyclopedias and dictionaries -- Early works to 1600 -- History and criticism; Philosophy of nature -- Early works to 1800 aHistory uwww.jstor.org/stable/10.2307/j.ctt24h3kw